=LDR 00000nam 2200000 4500 =001 INLIS000000000048305 =005 20161020102759.0 =006 =007 =008 =020 ##$$a 979-002-706-0 =035 ##$$0010-101600000000063 =082 ##$$2 22 $a 633.88 =090 ##$$a 633.88 $b Raf k =100 ##$$a Raffi Paramawati =245 ##$$a Khasiat ajaib dau avokad $c Dr.Ir. Raffi Paramawati, M.Si., dr. Hildegardis Dyna Retno Dumilah ; editor Febriani Ai Nurrohmah =260 ##$$a Jakarta $b Penebar Swadaya $c 2016 =300 ##$$a iv, 84 hlm. $b ilus $c 23 cm. =500 ##$$a Bibliografi : hlm. 80-83 Biografi : hlm. 84 Glosarium : hlm. 78-79 =650 ##$$a Tanaman Obat =700 ##$$a Hildegardis Dyna Retno Dumilah